Review of medical physiology (Record no. 132301)

MARC details
000 -LEADER
fixed length control field 00851cam a2200253 4500
003 - CONTROL NUMBER IDENTIFIER
control field OSt
005 - DATE AND TIME OF LATEST TRANSACTION
control field 20250701133201.0
008 - FIXED-LENGTH DATA ELEMENTS--GENERAL INFORMATION
fixed length control field
020 ## - INTERNATIONAL STANDARD BOOK NUMBER
International Standard Book Number 0838582524 (paperback.)
040 ## - CATALOGING SOURCE
Transcribing agency NUST
Original cataloging agency NUST
Language of cataloging eng
Modifying agency NUST
Description conventions rda
050 ## - LIBRARY OF CONGRESS CALL NUMBER
Classification number QP34.5 GAN
100 1# - MAIN ENTRY--PERSONAL NAME
Personal name Ganong, William F.
Dates associated with a name 2019
Relator term Author
245 10 - TITLE STATEMENT
Title Review of medical physiology
Statement of responsibility, etc. William F. Ganong.
250 ## - EDITION STATEMENT
Edition statement Nineth edition.
260 ## - PUBLICATION, DISTRIBUTION, ETC.
Place of publication, distribution, etc. Prentice-Hall :
Name of publisher, distributor, etc. Lange Medical Publications,
Date of publication, distribution, etc. 1973
300 ## - PHYSICAL DESCRIPTION
Extent xii,851 pages :
Other physical details illustrations;
Dimensions 27 cm
336 ## - CONTENT TYPE
Source rdacontent
Content type term text
Content type code txt
337 ## - MEDIA TYPE
Source rdamedia
Media type term unmediated
Media type code n
338 ## - CARRIER TYPE
Source rdamedia
Carrier type term volume
Carrier type code nc
504 ## - BIBLIOGRAPHY, ETC. NOTE
Bibliography, etc. note Includes bibliographies references and index
650 #0 - SUBJECT ADDED ENTRY--TOPICAL TERM
Topical term or geographic name entry element Human physiology.
650 #0 - SUBJECT ADDED ENTRY--TOPICAL TERM
Topical term or geographic name entry element Physiology, Pathological.
942 ## - ADDED ENTRY ELEMENTS (KOHA)
Koha item type Ordinary Loan Books
Call number prefix QP34.5
Call number suffix GAN
Source of classification or shelving scheme Library of Congress Classification
Classification part QP
Item part 34.5
Suppress in OPAC No
Koha issues (borrowed), all copies 1
Holdings
Withdrawn status Lost status Source of classification or shelving scheme Damaged status Not for loan Collection Home library Current library Shelving location Date acquired Source of acquisition Cost, normal purchase price Total Checkouts Full call number Barcode Date last seen Date last checked out Cost, replacement price Price effective from Koha item type Public note
    LCC     NFIC MAIN Medical GEN 01/23/2023 Purchase 90.00 19 QP34.5 GAN 92004009160 08/05/2025 07/01/2025 90.00 01/23/2023 BOOKS purchase